Wszystkie gminy w powiecie gdańskim - Statystyki

Ogólne statystyki
  • Ten quiz został rozwiązany 6 razy
  • Średni wynik to 6 z 8
Statystyki odpowiedzi
Gmina Odpowiedź % Poprawnych
Gmina Miejska Pruszcz Gdański
100%
Gmina Wiejska Pruszcz Gdański
100%
Gmina Wiejska Cedry Wielkie
80%
Gmina Wiejska Pszczółki
80%
Gmina Wiejska Suchy Dąb
80%
Gmina Wiejska Kolbudy
60%
Gmina Wiejska Trąbki Wielkie
60%
Gmina Wiejska Przywidz
40%
Nie znaleziono quizów pasujących do podanych kryteriów
Rozkład punktacji
Procent ludzi z każdym wynikiem
Percentyl według liczby udzielonych odpowiedzi
Twoja historia wyników
Nie rozwiązałeś tego quizu